[Event "Krakow op-A 25th"]
[Site "Krakow"]
[Date "2015.01.03"]
[Round "8"]
[White "Petrosyan, Tigran S"]
[Black "Koykka, Pekka"]
[Result "1-0"]
[WhiteElo "2429"]
[BlackElo "2303"]
[PlyCount "113"]
[EventDate "2014.12.27"]
[EventType "swiss"]
[EventRounds "9"]
[EventCountry "POL"]
[SourceTitle "CBM 164 Extra"]
[Source "ChessBase"]
[SourceDate "2015.03.02"]
[SourceVersion "1"]
[SourceVersionDate "2015.03.02"]
[SourceQuality "1"]

1. Nf3 d5 2. c4 c6 3. e3 Nf6 4. Nc3 g6 5. d4 Bg7 6. Be2 O-O 7. O-O Bg4 8. Qb3
Qb6 9. cxd5 Qxb3 10. axb3 cxd5 11. h3 Bxf3 12. Bxf3 e6 13. Bd2 Nc6 14. Rfc1
Rfd8 15. Na4 e5 16. Nc5 b6 17. Nb7 Rd7 18. Rxc6 Rxb7 19. dxe5 Ne4 20. Bxe4 dxe4
21. Bc3 Re8 22. Ra4 Bxe5 23. Rxe4 Rbe7 24. Kf1 Bxc3 25. Rxe7 Rxe7 26. bxc3 Re5
27. c4 Ra5 28. b4 Ra2 29. b5 Kg7 30. h4 h5 31. g3 Kf8 32. Kg2 Ke7 33. Rc7+ Ke6
34. Kf3 Kf6 35. Ke4 Ke6 36. f3 Ra1 37. Kf4 Ra3 38. g4 hxg4 39. fxg4 Ra1 40. h5
gxh5 41. gxh5 Rh1 42. h6 Kd6 43. Rc6+ Ke7 44. Kg5 Kd7 45. e4 Rh2 46. Rf6 Rg2+
47. Kf5 Ke7 48. Rc6 Rf2+ 49. Ke5 f6+ 50. Kd4 Kd7 51. e5 fxe5+ 52. Kxe5 Rh2 53.
Rg6 Ke7 54. Rg7+ Kf8 55. Rxa7 Rxh6 56. Rd7 Rh5+ 57. Ke4 1-0

[Event "Krakow op-A 25th"]
[Site "Krakow"]
[Date "2015.01.04"]
[Round "9"]
[White "Petrosyan, Tigran S"]
[Black "Polok, Kacper"]
[Result "1-0"]
[WhiteElo "2429"]
[BlackElo "2228"]
[PlyCount "67"]
[EventDate "2014.12.27"]
[EventType "swiss"]
[EventRounds "9"]
[EventCountry "POL"]
[SourceTitle "CBM 164 Extra"]
[Source "ChessBase"]
[SourceDate "2015.03.02"]
[SourceVersion "1"]
[SourceVersionDate "2015.03.02"]
[SourceQuality "1"]

1. Nf3 e6 2. g3 f5 3. Bg2 Nf6 4. O-O d5 5. c4 c6 6. d3 Be7 7. b3 a5 8. a3 O-O
9. Bb2 Na6 10. Qc2 Bd7 11. Nbd2 b5 12. e4 fxe4 13. dxe4 a4 14. cxb5 axb3 15.
Nxb3 cxb5 16. exd5 exd5 17. Qd3 Nc7 18. Ne5 b4 19. Nxd7 Qxd7 20. axb4 Rxa1 21.
Rxa1 Bxb4 22. Rd1 Kh8 23. Nd4 Bc5 24. Qc2 Bb6 25. Qb3 Qd6 26. Ba3 Bc5 27. Nf5
Qc6 28. Rc1 Ne6 29. Bxc5 Nxc5 30. Qc3 Ne8 31. Qxc5 Qxc5 32. Rxc5 Rxf5 33. Rc8
Re5 34. Bxd5 1-0

[Event "Prague op-A 14th"]
[Site "Prague"]
[Date "2015.01.09"]
[Round "1"]
[White "Lien, Kjell Hakon"]
[Black "Petrosyan, Tigran S"]
[Result "1/2-1/2"]
[WhiteElo "2020"]
[BlackElo "2429"]
[PlyCount "60"]
[EventDate "2015.01.09"]
[EventType "swiss"]
[EventRounds "9"]
[EventCountry "CZE"]
[SourceTitle "CBM 164 Extra"]
[Source "ChessBase"]
[SourceDate "2015.03.02"]
[SourceVersion "1"]
[SourceVersionDate "2015.03.02"]
[SourceQuality "1"]

1. e4 e5 2. f4 d5 3. Nf3 dxe4 4. Nxe5 Be6 5. Nc3 Nf6 6. d4 exd3 7. Bxd3 Nbd7 8.
Qf3 Nxe5 9. fxe5 Nd5 10. Bd2 Qd7 11. O-O-O O-O-O 12. Qf2 Nxc3 13. Bxc3 Qa4 14.
a3 g6 15. Rhe1 Bh6+ 16. Kb1 Rd5 17. Bb4 Kb8 18. Be4 Rxd1+ 19. Rxd1 a5 20. b3
Bxb3 21. Rd4 Be6 22. Qf3 Qb5 23. Ka1 c5 24. c4 Bxc4 25. Qf6 cxd4 26. Qxh8+ Ka7
27. Bd6 Bd5 28. Qb8+ Ka6 29. Qa8+ Kb6 30. Qd8+ Ka6 1/2-1/2

[Event "Prague op-A 14th"]
[Site "Prague"]
[Date "2015.01.11"]
[Round "4"]
[White "Petrosyan, Tigran S"]
[Black "Mohammad, Nubairshah Shaikh"]
[Result "1/2-1/2"]
[WhiteElo "2429"]
[BlackElo "2275"]
[PlyCount "98"]
[EventDate "2015.01.09"]
[EventType "swiss"]
[EventRounds "9"]
[EventCountry "CZE"]
[SourceTitle "CBM 164 Extra"]
[Source "ChessBase"]
[SourceDate "2015.03.02"]
[SourceVersion "1"]
[SourceVersionDate "2015.03.02"]
[SourceQuality "1"]

1. Nf3 d5 2. c4 c6 3. e3 Nf6 4. Nc3 g6 5. d4 Bg7 6. Be2 O-O 7. O-O b6 8. b4 Bb7
9. Bb2 dxc4 10. Bxc4 b5 11. Be2 a5 12. a3 axb4 13. axb4 Rxa1 14. Bxa1 Nbd7 15.
Qb3 Nb6 16. Ne5 Nfd7 17. Nxd7 Qxd7 18. Ne4 Qd5 19. Nc5 Qxb3 20. Nxb3 Nd5 21.
Na5 Ba8 22. Rb1 f5 23. Bf3 e6 24. Bxd5 exd5 25. Bc3 Rf7 26. Rc1 Bf8 27. Bd2 Rc7
28. Kf1 Kf7 29. Ke2 Ke6 30. Kd3 Bd6 31. Kc3 Rf7 32. h3 Kd7 33. Nb3 Bb7 34. Ra1
Kc7 35. Kd3 Kb6 36. f3 Bc8 37. Nc5 Bxc5 38. dxc5+ Kb7 39. Kd4 Re7 40. Be1 Re8
41. Bg3 g5 42. Be5 h5 43. Rh1 Rg8 44. g3 Bd7 45. h4 g4 46. fxg4 Rxg4+ 47. Bf4
Rg6 48. Ke5 Kc8 49. Kd4 Re6 1/2-1/2

[Event "Prague op-A 14th"]
[Site "Prague"]
[Date "2015.01.13"]
[Round "6"]
[White "Petrosyan, Tigran S"]
[Black "Frink, Ferenc"]
[Result "1-0"]
[WhiteElo "2429"]
[BlackElo "2130"]
[PlyCount "61"]
[EventDate "2015.01.09"]
[EventType "swiss"]
[EventRounds "9"]
[EventCountry "CZE"]
[SourceTitle "CBM 164 Extra"]
[Source "ChessBase"]
[SourceDate "2015.03.02"]
[SourceVersion "1"]
[SourceVersionDate "2015.03.02"]
[SourceQuality "1"]

1. d4 Nf6 2. Nf3 e6 3. c4 Nc6 4. Nc3 d6 5. e4 Bd7 6. Be2 h6 7. h3 Nh7 8. Be3
Be7 9. d5 Ne5 10. Nd4 O-O 11. O-O c5 12. dxc6 bxc6 13. f4 Ng6 14. c5 d5 15. b4
e5 16. fxe5 dxe4 17. e6 fxe6 18. Nxe4 Rxf1+ 19. Bxf1 Ng5 20. Qc2 Nh4 21. Re1
Qe8 22. Nxg5 hxg5 23. Bc4 Bf6 24. Qe4 Rd8 25. Nxe6 Kh8 26. Bxg5 Bxg5 27. Nxg5
Qxe4 28. Nxe4 Ng6 29. Ng5 Ne5 30. Nf7+ Nxf7 31. Bxf7 1-0

[Event "Prague op-A 14th"]
[Site "Prague"]
[Date "2015.01.15"]
[Round "8"]
[White "Petrosyan, Tigran S"]
[Black "Smid, Miroslav"]
[Result "1/2-1/2"]
[WhiteElo "2429"]
[BlackElo "2235"]
[PlyCount "47"]
[EventDate "2015.01.09"]
[EventType "swiss"]
[EventRounds "9"]
[EventCountry "CZE"]
[SourceTitle "CBM 164 Extra"]
[Source "ChessBase"]
[SourceDate "2015.03.02"]
[SourceVersion "1"]
[SourceVersionDate "2015.03.02"]
[SourceQuality "1"]

1. d4 d5 2. c4 e6 3. Nc3 Nf6 4. Nf3 Be7 5. Bf4 O-O 6. e3 c5 7. dxc5 Qa5 8. a3
dxc4 9. Bxc4 Qxc5 10. Qe2 Nbd7 11. O-O b6 12. Nd4 Ne5 13. Ba2 Ng6 14. Bg3 Bb7
15. Rac1 Rac8 16. h3 Qg5 17. Nf3 Qf5 18. Rfd1 Rfd8 19. Bb1 Qa5 20. Rxd8+ Bxd8
21. Rd1 Nd5 22. Nxd5 Bxd5 23. Nd4 Bf6 24. Bd3 1/2-1/2

[Event "Abrisham op"]
[Site "Sowme'eh Sara"]
[Date "2015.05.08"]
[Round "1"]
[White "Basencyan, Mark"]
[Black "Petrosyan, Tigran S"]
[Result "1/2-1/2"]
[WhiteElo "2180"]
[BlackElo "2421"]
[PlyCount "51"]
[EventDate "2015.05.08"]
[EventType "swiss"]
[EventRounds "9"]
[EventCountry "IRI"]
[SourceTitle "CBM 166 Extra"]
[Source "ChessBase"]
[SourceDate "2015.06.18"]
[SourceVersion "1"]
[SourceVersionDate "2015.06.18"]
[SourceQuality "1"]

1. d4 d5 2. c4 c6 3. Nf3 Nf6 4. Nc3 dxc4 5. a4 Bf5 6. e3 e6 7. Bxc4 Nbd7 8. O-O
Bb4 9. Qe2 O-O 10. e4 Bg6 11. e5 Nd5 12. Nxd5 cxd5 13. Bd3 Qb6 14. h4 h6 15.
Be3 Rac8 16. Rfc1 Bxd3 17. Qxd3 Nb8 18. h5 Nc6 19. g4 Qa6 20. Qb5 Qb6 21. Kg2
Ne7 22. Qd3 Qa6 23. Qb5 Qb6 24. Qd3 Qa6 25. Qb5 Qb6 26. Qd3 1/2-1/2

[Event "Abrisham op"]
[Site "Sowme'eh Sara"]
[Date "2015.05.08"]
[Round "2"]
[White "Petrosyan, Tigran S"]
[Black "Hajiyev, Shahin Qabil"]
[Result "1-0"]
[WhiteElo "2421"]
[BlackElo "1943"]
[PlyCount "33"]
[EventDate "2015.05.08"]
[EventType "swiss"]
[EventRounds "9"]
[EventCountry "IRI"]
[SourceTitle "CBM 166 Extra"]
[Source "ChessBase"]
[SourceDate "2015.06.18"]
[SourceVersion "1"]
[SourceVersionDate "2015.06.18"]
[SourceQuality "1"]

1. Nf3 d5 2. c4 c6 3. e3 Nf6 4. Nc3 e6 5. d4 Nbd7 6. Qc2 Bd6 7. Bd3 O-O 8. O-O
dxc4 9. Bxc4 e5 10. h3 h6 11. Bb3 exd4 12. exd4 Re8 13. Bxh6 gxh6 14. Qg6+ Kh8
15. Qxh6+ Kg8 16. Bxf7+ Kxf7 17. Ng5+ 1-0

[Event "Abrisham op"]
[Site "Sowme'eh Sara"]
[Date "2015.05.09"]
[Round "3"]
[White "Ghaem Maghami, Ehsan"]
[Black "Petrosyan, Tigran S"]
[Result "1/2-1/2"]
[WhiteElo "2558"]
[BlackElo "2421"]
[PlyCount "119"]
[EventDate "2015.05.08"]
[EventType "swiss"]
[EventRounds "9"]
[EventCountry "IRI"]
[SourceTitle "CBM 166 Extra"]
[Source "ChessBase"]
[SourceDate "2015.06.18"]
[SourceVersion "1"]
[SourceVersionDate "2015.06.18"]
[SourceQuality "1"]

1. c4 c6 2. Nf3 d5 3. d4 Nf6 4. e3 Bg4 5. h3 Bh5 6. Nc3 e6 7. g4 Bg6 8. Ne5
Nbd7 9. Nxg6 hxg6 10. Bd2 Bb4 11. Bd3 Qe7 12. g5 Nh5 13. Qg4 dxc4 14. Bxc4 e5
15. d5 cxd5 16. Nxd5 Bxd2+ 17. Kxd2 Qd6 18. Rhd1 O-O 19. Ke1 Nb6 20. Bb3 e4 21.
Qxe4 Nxd5 22. Rxd5 Qh2 23. Kf1 Qxh3+ 24. Qg2 Qxg2+ 25. Kxg2 Rae8 26. Rad1 Re7
27. Rd7 Rfe8 28. Rxe7 Rxe7 29. Rd3 Kh7 30. f4 f6 31. Kf3 fxg5 32. fxg5 Re5 33.
Rd5 Re8 34. Rd7 Re5 35. Rd5 Re8 36. Bc2 Rf8+ 37. Kg2 Rc8 38. Be4 Re8 39. Kf3
Rf8+ 40. Kg2 Re8 41. Rd4 Re5 42. Kf3 Rxg5 43. Rd5 Rg3+ 44. Kf2 Rh3 45. Bg2 Rh4
46. Rd7 Ra4 47. Rxb7 Rxa2 48. Bd5 Ra5 49. e4 Nf6 50. Ke3 Nxd5+ 51. exd5 Rxd5
52. Rxa7 Rb5 53. Kf4 Rxb2 54. Ra8 Rb5 55. Kg4 Rb1 56. Rc8 Rg1+ 57. Kh4 g5+ 58.
Kh3 Kg6 59. Kh2 Ra1 60. Kg3 1/2-1/2

[Event "Abrisham op"]
[Site "Sowme'eh Sara"]
[Date "2015.05.10"]
[Round "5"]
[White "Rasmussen, Allan Stig"]
[Black "Petrosyan, Tigran S"]
[Result "1/2-1/2"]
[WhiteElo "2502"]
[BlackElo "2421"]
[PlyCount "158"]
[EventDate "2015.05.08"]
[EventType "swiss"]
[EventRounds "9"]
[EventCountry "IRI"]
[SourceTitle "CBM 166 Extra"]
[Source "ChessBase"]
[SourceDate "2015.06.18"]
[SourceVersion "1"]
[SourceVersionDate "2015.06.18"]
[SourceQuality "1"]

1. c4 c6 2. d4 d5 3. cxd5 cxd5 4. Nc3 Nf6 5. Bf4 Nc6 6. e3 Bf5 7. Qb3 Na5 8.
Qa4+ Bd7 9. Qc2 e6 10. Bd3 Rc8 11. Nf3 Be7 12. h3 b5 13. a3 Nc4 14. O-O O-O 15.
Ne5 a5 16. Qe2 Be8 17. a4 b4 18. Nb5 Bxb5 19. axb5 Nxe5 20. Bxe5 Qb6 21. Rfc1
Ne4 22. Qd1 Bd6 23. Bxd6 Nxd6 24. Qa4 Rxc1+ 25. Rxc1 Ra8 26. Rc6 Qd8 27. b6 g6
28. Rc7 Ne8 29. Ra7 Rb8 30. Ra6 Nd6 31. Qxa5 b3 32. Qb4 Nc4 33. Bxc4 dxc4 34.
Qxc4 Rxb6 35. Rxb6 Qxb6 36. Kf1 Qb7 37. f3 Qb8 38. Qd3 h5 39. Kf2 Qb6 40. Qc3
Qb8 41. e4 Qb6 42. Ke2 Qa6+ 43. Qd3 Qa2 44. Qd2 Qa6+ 45. Ke3 Qb6 46. Qc3 Qb5
47. Qd3 Qb4 48. Ke2 Qb6 49. Qc4 Qb8 50. Qd3 Qb6 51. f4 Qd6 52. Kf3 Qb6 53. d5
exd5 54. exd5 Kf8 55. d6 h4 56. d7 Ke7 57. d8=Q+ Qxd8 58. Qxd8+ Kxd8 59. Ke4
Ke7 60. Kd4 Kf6 61. Kc3 Kf5 62. Kxb3 Kxf4 63. Kc3 Kg3 64. b4 f5 65. b5 f4 66.
b6 Kxg2 67. b7 f3 68. b8=Q f2 69. Qb7+ Kg1 70. Qb6 Kg2 71. Qc6+ Kg1 72. Qxg6+
Kh2 73. Qf5 Kg2 74. Qe4+ Kh2 75. Qf3 Kg1 76. Qg4+ Kh2 77. Qf4+ Kg2 78. Qxh4
f1=Q 79. Qg4+ Kh2 1/2-1/2

[Event "Abrisham op"]
[Site "Sowme'eh Sara"]
[Date "2015.05.11"]
[Round "6"]
[White "Petrosyan, Tigran S"]
[Black "Shalamberidze, Akaki"]
[Result "1-0"]
[WhiteElo "2421"]
[BlackElo "2409"]
[PlyCount "53"]
[EventDate "2015.05.08"]
[EventType "swiss"]
[EventRounds "9"]
[EventCountry "IRI"]
[SourceTitle "CBM 166 Extra"]
[Source "ChessBase"]
[SourceDate "2015.06.18"]
[SourceVersion "1"]
[SourceVersionDate "2015.06.18"]
[SourceQuality "1"]

1. Nf3 Nf6 2. c4 c6 3. Nc3 d5 4. e3 g6 5. d4 Bg7 6. Be2 O-O 7. O-O b6 8. b4 Bb7
9. Bb2 Nbd7 10. a4 Qb8 11. Qb3 dxc4 12. Bxc4 c5 13. bxc5 bxc5 14. Ng5 e6 15.
Ba3 Bh6 16. Rab1 Bc6 17. Nxe6 fxe6 18. Bxe6+ Kh8 19. d5 Qxb3 20. Rxb3 Rae8 21.
dxc6 Rxe6 22. cxd7 Nxd7 23. Rb7 Rd6 24. Ne4 Rd3 25. Bb2+ Kg8 26. Rxa7 Rc8 27.
Rxd7 1-0

[Event "Abrisham op"]
[Site "Sowme'eh Sara"]
[Date "2015.05.12"]
[Round "7"]
[White "Roghani, Arash"]
[Black "Petrosyan, Tigran S"]
[Result "1/2-1/2"]
[WhiteElo "2327"]
[BlackElo "2421"]
[PlyCount "49"]
[EventDate "2015.05.08"]
[EventType "swiss"]
[EventRounds "9"]
[EventCountry "IRI"]
[SourceTitle "CBM 166 Extra"]
[Source "ChessBase"]
[SourceDate "2015.06.18"]
[SourceVersion "1"]
[SourceVersionDate "2015.06.18"]
[SourceQuality "1"]

1. d4 d5 2. c4 c6 3. Nf3 Nf6 4. cxd5 cxd5 5. Nc3 Nc6 6. Bf4 Bf5 7. e3 e6 8. Be2
Bd6 9. Ne5 Bxe5 10. Bxe5 O-O 11. g4 Be4 12. f3 Nxe5 13. dxe5 Nxg4 14. Nxe4 Nxe3
15. Qd2 Qb6 16. Nf2 f6 17. exf6 Ng2+ 18. Kf1 Ne3+ 19. Ke1 Ng2+ 20. Kf1 Ne3+ 21.
Ke1 Ng2+ 22. Kf1 Ne3+ 23. Ke1 Ng2+ 24. Kf1 Ne3+ 25. Ke1 1/2-1/2

[Event "Abrisham op"]
[Site "Sowme'eh Sara"]
[Date "2015.05.12"]
[Round "8"]
[White "Shahinyan, David"]
[Black "Petrosyan, Tigran S"]
[Result "1-0"]
[WhiteElo "2436"]
[BlackElo "2421"]
[PlyCount "89"]
[EventDate "2015.05.08"]
[EventType "swiss"]
[EventRounds "9"]
[EventCountry "IRI"]
[SourceTitle "CBM 166 Extra"]
[Source "ChessBase"]
[SourceDate "2015.06.18"]
[SourceVersion "1"]
[SourceVersionDate "2015.06.18"]
[SourceQuality "1"]

1. Nf3 Nf6 2. g3 b6 3. Bg2 Bb7 4. O-O e6 5. d3 d5 6. Nbd2 Be7 7. e4 c5 8. Re1
Nc6 9. Qe2 Qc7 10. Nf1 d4 11. e5 Nd5 12. Bd2 Qd7 13. a3 h6 14. h4 O-O-O 15.
Rad1 Kb8 16. c4 dxc3 17. bxc3 Nc7 18. Bc1 Na5 19. Ne3 Nd5 20. Nxd5 Qxd5 21. c4
Qd7 22. Bb2 Qa4 23. Bc3 Rd7 24. Rb1 Rhd8 25. Bxa5 Qxa5 26. Rb3 g5 27. h5 Bf8
28. Nd2 Bxg2 29. Kxg2 Kc7 30. Nf3 Qa4 31. Rc3 Be7 32. Kg1 Qa5 33. Rb3 g4 34.
Nh2 Rxd3 35. Rxd3 Rxd3 36. Nxg4 Qxa3 37. Nxh6 Rxg3+ 38. fxg3 Qxg3+ 39. Kf1 Bh4
40. Qe3 Qh2 41. Rd1 Qh1+ 42. Ke2 Qg2+ 43. Kd3 Bf2 44. Qf4 Qh3+ 45. Kc2 1-0

[Event "Abrisham op"]
[Site "Sowme'eh Sara"]
[Date "2015.05.13"]
[Round "9"]
[White "Petrosyan, Tigran S"]
[Black "Ghane Gardeh, Shojaat"]
[Result "1/2-1/2"]
[WhiteElo "2421"]
[BlackElo "2321"]
[PlyCount "107"]
[EventDate "2015.05.08"]
[EventType "swiss"]
[EventRounds "9"]
[EventCountry "IRI"]
[SourceTitle "CBM 166 Extra"]
[Source "ChessBase"]
[SourceDate "2015.06.18"]
[SourceVersion "1"]
[SourceVersionDate "2015.06.18"]
[SourceQuality "1"]

1. Nf3 d5 2. c4 c6 3. d4 Nf6 4. Nc3 dxc4 5. a4 e6 6. e3 c5 7. Bxc4 Be7 8. O-O
O-O 9. Qe2 Nc6 10. Rd1 cxd4 11. exd4 Nb4 12. Bg5 Bd7 13. d5 exd5 14. Bxd5 Nfxd5
15. Bxe7 Nxe7 16. Ne5 Nec6 17. Rxd7 Qb6 18. Nc4 Qa6 19. Rad1 Rae8 20. Qg4 Re6
21. b3 Rg6 22. Qf5 Rf6 23. Qb5 b6 24. Nd5 Rf5 25. Qxa6 Nxa6 26. Ne7+ Nxe7 27.
Rxe7 Nc5 28. Rxa7 Nxb3 29. Nxb6 g6 30. g3 Re8 31. Nd5 Kg7 32. Ne3 Rf6 33. Rd5
Re4 34. Kg2 h5 35. Rb7 Nc1 36. Rc7 Na2 37. Rc4 Rxc4 38. Nxc4 Nc3 39. Ra5 Ne4
40. f4 Rc6 41. Ne5 Rc2+ 42. Kf3 Nd2+ 43. Ke2 Nb3+ 44. Kd3 Rxh2 45. Rb5 Nc1+ 46.
Ke3 Ra2 47. a5 Ne2 48. Rb7 Nxg3 49. Rxf7+ Kg8 50. Rf6 Ra3+ 51. Kd4 Ra4+ 52. Kd3
Rxa5 53. Rxg6+ Kh7 54. Rg5 1/2-1/2

[Event "Yerevan Asrian Memorial 8th"]
[Site "Yerevan"]
[Date "2015.06.19"]
[Round "4"]
[White "Petrosyan, Tigran S"]
[Black "Khismatullin, Denis Rimovich"]
[Result "0-1"]
[WhiteElo "2423"]
[BlackElo "2646"]
[PlyCount "88"]
[EventDate "2015.06.16"]
[EventType "swiss"]
[EventRounds "9"]
[EventCountry "ARM"]
[SourceTitle "CBM 167 Extra"]
[Source "ChessBase"]
[SourceDate "2015.09.14"]
[SourceVersion "1"]
[SourceVersionDate "2015.09.14"]
[SourceQuality "1"]

1. e4 c5 2. Nf3 d6 3. Bb5+ Nd7 4. d4 Ngf6 5. Nc3 cxd4 6. Qxd4 e5 7. Qd3 h6 8.
Nd2 a6 9. Bxd7+ Nxd7 10. Nc4 Nc5 11. Qf3 Be6 12. Ne3 g6 13. h4 Be7 14. h5 Bg5
15. Ned5 Bxc1 16. Nf6+ Kf8 17. Rxc1 Kg7 18. Ncd5 Nd7 19. Nxd7 Bxd5 20. Nxe5
Qa5+ 21. c3 Rae8 22. O-O Rxe5 23. exd5 Rxh5 24. c4 Re8 25. a3 Qd8 26. g3 Rhe5
27. b4 h5 28. Qc3 Qf6 29. Qd4 h4 30. Qxh4 Qf3 31. Qf4 Qxa3 32. Qd4 Qf3 33. Qc3
Qf6 34. Kg2 b5 35. cxb5 axb5 36. Qd3 Re2 37. Rc7 Rb2 38. Rd7 Re5 39. Qd4 Rf5
40. Qe3 Rxd5 41. Rh1 g5 42. Rd8 Re5 43. Qb6 Rxf2+ 44. Qxf2 Qxd8 0-1

[Event "Barbera del Valles op 38th"]
[Site "Barbera del Valles"]
[Date "2015.07.04"]
[Round "1"]
[White "Petrosyan, Tigran S"]
[Black "Povill Claros, Xavier"]
[Result "1-0"]
[WhiteElo "2441"]
[BlackElo "2107"]
[PlyCount "83"]
[EventDate "2015.07.04"]
[EventType "swiss"]
[EventRounds "9"]
[EventCountry "ESP"]
[SourceTitle "CBM 167 Extra"]
[Source "ChessBase"]
[SourceDate "2015.09.14"]
[SourceVersion "1"]
[SourceVersionDate "2015.09.14"]
[SourceQuality "1"]

1. d4 e6 2. c4 Nf6 3. g3 Bb4+ 4. Bd2 Qe7 5. Bg2 Bxd2+ 6. Qxd2 d6 7. Nc3 O-O 8.
Nf3 Nbd7 9. O-O e5 10. e4 Re8 11. b3 a6 12. Rfe1 Nb8 13. h3 a5 14. Rad1 Nc6 15.
Nd5 Qd8 16. dxe5 Nxe5 17. Nxe5 dxe5 18. Qe3 Nxd5 19. exd5 Qe7 20. c5 Ra6 21. f4
e4 22. d6 cxd6 23. Qxe4 Qxe4 24. Rxe4 Kf8 25. Rxe8+ Kxe8 26. Bf1 Ra8 27. cxd6
Bd7 28. Re1+ Kf8 29. Re7 Rd8 30. Bc4 Be8 31. Rxb7 Rxd6 32. a4 Rd1+ 33. Kf2 Rd2+
34. Kf1 Rh2 35. h4 Rh1+ 36. Kf2 Bc6 37. Rxf7+ Ke8 38. Rxg7 Rh2+ 39. Ke3 Rg2 40.
Kd4 Bd7 41. Bb5 Bxb5 42. axb5 1-0

[Event "Barbera del Valles op 38th"]
[Site "Barbera del Valles"]
[Date "2015.07.05"]
[Round "2"]
[White "Dalo, Hermes"]
[Black "Petrosyan, Tigran S"]
[Result "1/2-1/2"]
[WhiteElo "2274"]
[BlackElo "2441"]
[PlyCount "59"]
[EventDate "2015.07.04"]
[EventType "swiss"]
[EventRounds "9"]
[EventCountry "ESP"]
[SourceTitle "CBM 167 Extra"]
[Source "ChessBase"]
[SourceDate "2015.09.14"]
[SourceVersion "1"]
[SourceVersionDate "2015.09.14"]
[SourceQuality "1"]

1. d4 Nf6 2. c4 e6 3. Nc3 Bb4 4. e3 O-O 5. Bd3 c5 6. Nf3 d5 7. O-O Nc6 8. a3
Bxc3 9. bxc3 dxc4 10. Bxc4 Qc7 11. Bb5 Rd8 12. Re1 Bd7 13. a4 Na5 14. e4 Bxb5
15. axb5 h6 16. Qa4 b6 17. Ne5 Rac8 18. Ba3 cxd4 19. cxd4 Qb7 20. f3 Nd7 21.
Ng4 h5 22. Ne3 Nf6 23. Bb2 Nd7 24. Ba3 Nf6 25. Bb2 Nd7 26. Ba3 Nf6 27. Bb2 Nd7
28. Ba3 Nf6 29. Bb2 Nd7 30. Ba3 1/2-1/2

[Event "Barbera del Valles op 38th"]
[Site "Barbera del Valles"]
[Date "2015.07.06"]
[Round "3"]
[White "Petrosyan, Tigran S"]
[Black "Ramirez Garcia, Jorge Alberto"]
[Result "1/2-1/2"]
[WhiteElo "2441"]
[BlackElo "2312"]
[PlyCount "126"]
[EventDate "2015.07.04"]
[EventType "swiss"]
[EventRounds "9"]
[EventCountry "ESP"]
[SourceTitle "CBM 167 Extra"]
[Source "ChessBase"]
[SourceDate "2015.09.14"]
[SourceVersion "1"]
[SourceVersionDate "2015.09.14"]
[SourceQuality "1"]

1. Nf3 d5 2. d4 Nf6 3. c4 e6 4. Nc3 c5 5. cxd5 cxd4 6. Nxd4 Nxd5 7. Ndb5 Nxc3
8. Qxd8+ Kxd8 9. Nxc3 Bc5 10. Bf4 Ke7 11. O-O-O Bxf2 12. Bd6+ Ke8 13. Nb5 Na6
14. Ba3 Be3+ 15. Kb1 Bf4 16. g3 Be5 17. Bg2 Nc7 18. Nxc7+ Bxc7 19. Rd3 f6 20.
Rc1 Be5 21. Bd6 Bxd6 22. Rxd6 Ke7 23. Rd4 f5 24. e4 Kf6 25. Rc5 fxe4 26. Bxe4
Rb8 27. Rc7 a5 28. Bc2 g6 29. Rf4+ Ke5 30. Rff7 b6 31. Rxh7 Ba6 32. Bxg6 Rxh7
33. Bxh7 Rf8 34. b3 Rf2 35. h4 Rg2 36. Rc6 Rxg3 37. Rxb6 Be2 38. h5 Rh3 39. Bg8
Kd4 40. Bxe6 Rxh5 41. Rd6+ Kc5 42. Rd2 Re5 43. Bg8 Bg4 44. Rc2+ Kb6 45. Rc1 Be6
46. Bxe6 Rxe6 47. Rc2 Kb5 48. a3 Re3 49. Kb2 Rh3 50. Rg2 Rh6 51. Rg5+ Kb6 52.
Rd5 Rg6 53. Kc3 Rg3+ 54. Kc4 Rg4+ 55. Rd4 Rg6 56. Kc3 Rg3+ 57. Rd3 Rg6 58. a4
Rc6+ 59. Kd2 Rh6 60. Rd8 Rh2+ 61. Kc3 Rh3+ 62. Kc4 Rh4+ 63. Rd4 Rh6 1/2-1/2

[Event "Barbera del Valles op 38th"]
[Site "Barbera del Valles"]
[Date "2015.07.07"]
[Round "4"]
[White "Derakhshani, Dorsa"]
[Black "Petrosyan, Tigran S"]
[Result "0-1"]
[WhiteElo "2280"]
[BlackElo "2441"]
[PlyCount "148"]
[EventDate "2015.07.04"]
[EventType "swiss"]
[EventRounds "9"]
[EventCountry "ESP"]
[SourceTitle "CBM 167 Extra"]
[Source "ChessBase"]
[SourceDate "2015.09.14"]
[SourceVersion "1"]
[SourceVersionDate "2015.09.14"]
[SourceQuality "1"]

1. e4 e5 2. Nf3 Nc6 3. Bb5 a6 4. Ba4 Nf6 5. O-O Be7 6. Re1 b5 7. Bb3 O-O 8. a4
b4 9. d4 d6 10. dxe5 dxe5 11. Nbd2 Bc5 12. a5 Qd6 13. Qe2 Be6 14. Bxe6 Qxe6 15.
Nb3 Nd4 16. Nbxd4 Bxd4 17. c3 bxc3 18. Nxd4 exd4 19. bxc3 dxc3 20. Ra3 Qe5 21.
f3 Rfb8 22. Be3 Rb5 23. Rea1 Rb2 24. Qd3 c2 25. Rc1 Qb5 26. Kf2 Ne8 27. Bd4
Qxd3 28. Rxd3 Ra2 29. Bc3 Nd6 30. Rd2 Nb5 31. Rcxc2 Rxc2 32. Rxc2 c5 33. Ke3 f6
34. f4 Kf7 35. g4 c4 36. Bb4 Rc8 37. h4 g6 38. Rc1 f5 39. gxf5 gxf5 40. e5 Ke6
41. Rc2 c3 42. Kd3 Rd8+ 43. Ke3 Rd4 44. Bxc3 Re4+ 45. Kd3 Rxf4 46. Bb2 Kd5 47.
h5 Rf3+ 48. Kd2 Rf2+ 49. Kd3 Rxc2 50. Kxc2 Nc7 51. Kd3 f4 52. Bc3 Ne6 53. Bb2
Nc5+ 54. Ke2 Ke4 55. Ba3 Ne6 56. Bd6 Ng7 57. h6 Nf5 58. Kf2 Nd4 59. Bc7 Kf5 60.
Bd6 Kg5 61. Bf8 Ne6 62. Bg7 Kf5 63. Ke2 Nc5 64. Kf3 Ne6 65. Ke2 Ke4 66. Kf2 Nc5
67. Ke2 Kf5 68. Kf3 Ne6 69. Ke2 Kg4 70. Kf2 Ng5 71. Bf8 f3 72. Bd6 Ne4+ 73. Kf1
Kg3 74. Bb4 f2 0-1

[Event "Barbera del Valles op 38th"]
[Site "Barbera del Valles"]
[Date "2015.07.08"]
[Round "5"]
[White "Petrosyan, Tigran S"]
[Black "Puranik, Abhimanyu Sameer"]
[Result "1-0"]
[WhiteElo "2441"]
[BlackElo "2328"]
[PlyCount "107"]
[EventDate "2015.07.04"]
[EventType "swiss"]
[EventRounds "9"]
[EventCountry "ESP"]
[SourceTitle "CBM 167 Extra"]
[Source "ChessBase"]
[SourceDate "2015.09.14"]
[SourceVersion "1"]
[SourceVersionDate "2015.09.14"]
[SourceQuality "1"]

1. Nf3 Nf6 2. c4 g6 3. Nc3 d5 4. cxd5 Nxd5 5. Qb3 Nb6 6. d4 Bg7 7. Bf4 Be6 8.
Qa3 Nc6 9. e3 O-O 10. Be2 a5 11. O-O Nb4 12. Rfc1 c6 13. Ne4 N6d5 14. Bg3 Bf5
15. Nfd2 Nf6 16. Nxf6+ Bxf6 17. Qb3 Qd7 18. a3 Be6 19. Nc4 Nd5 20. Qc2 Rfc8 21.
Ne5 Bxe5 22. Bxe5 b5 23. a4 Nb4 24. Qd1 Bf5 25. Rc5 Na6 26. Rc3 b4 27. Rcc1 Be6
28. b3 Bd5 29. Bg4 Be6 30. Bf3 f6 31. Bf4 Bd5 32. e4 Bf7 33. Be3 Qd6 34. Rab1
c5 35. e5 fxe5 36. dxc5 Qxd1+ 37. Rxd1 Rab8 38. c6 Be8 39. Rbc1 Bf7 40. Rd3 Rc7
41. Rd7 Bxb3 42. Rxc7 Nxc7 43. Ba7 Rc8 44. Bb6 Bxa4 45. Bxa5 b3 46. Bc3 Kf7 47.
Bxe5 e6 48. Ra1 Bb5 49. Ra7 Ke8 50. Rxc7 Rxc7 51. Bxc7 b2 52. Be4 Kf7 53. Be5
Bxc6 54. Bb1 1-0